| 000 | 01152nam a22002415i 4500 | ||
|---|---|---|---|
| 001 | 157000 | ||
| 003 | ES-MaACL | ||
| 005 | 20250626063203.0 | ||
| 008 | 980331s1894 sp a |||| | spa d | ||
| 040 |
_aCYL _bspa _cCCPB |
||
| 100 | 1 |
_aLandois, Leonard, _d1837- _9128657 |
|
| 245 | 1 | 0 |
_aTratado elemental de fisiología humana _b: incluyendo la histología y la anatomía microscópica y con aplicación especial a la práctica médica / _cpor L. Landois ; traducido de la octava ed. alemana por Rafael del Valle y Aldabalde. |
| 260 |
_aMadrid : _bAdministración de la Revista de Medicina y Cirugía Prácticas, _c1894 ( _fImp. y librería de Nicolás Moya) |
||
| 300 |
_a2 v. : _bil. ; _c25 cm. |
||
| 490 | 1 | _aBiblioteca económica de la Revista de Medicina y Cirugía Prácticas | |
| 597 | _aAntep. | ||
| 597 | _aVol. 1 (VIII, 663 p.) -- vol. 2 (580 p.) | ||
| 650 | 4 |
_aFisiología humana. _912890 |
|
| 700 | 0 |
_aValle y Aldabalde, Rafael del. _9112820 |
|
| 830 | 0 |
_aBiblioteca económica de la Revista de Medicina y Cirugía Prácticas _9182251 |
|
| 852 |
_aES-MaACL _jB-10866-67 _z-- Enc. pasta española |
||
| 999 |
_c157000 _d157000 |
||